000 00992cam a22002893a 4500
001 7959
003 PGUSA
005 20140828083150.0
008 050401s2005||||xxu|||||s|||||000 | eng d
040 _aPGUSA
_beng
042 _adc
050 4 _aPA
100 1 _aTacitus, Cornelius,
_d56-117
245 1 4 _aThe Reign of Tiberius, Out of the First Six Annals of Tacitus; :
_bWith His Account of Germany, and Life of Agricola
_h[electronic resource] /
_cCornelius Tacitus
260 _bProject Gutenberg,
_c2005
506 _aPublic domain in the USA.
516 _aElectronic text
653 _aAgricola, Gnaeus Julius, 40-93
653 _aRome -- History -- Tiberius, 14-37
653 _aGermanic peoples -- Early works to 1800
653 _aStatesmen -- Rome -- Biography -- Early works to 1800
700 1 _aGordon, Thomas,
_d-1750
700 1 _aGalton, Arthur,
_d1852-1921
830 0 _aProject Gutenberg
_v7959
856 4 0 _uhttp://www.gutenberg.org/ebooks/7959
942 _cEB
999 _c237259
_d237259